Readiness (Registro nro. 12517)

Detalles MARC
000 -LEADER
fixed length control field 00272 a2200109 4500
001 - CONTROL NUMBER
control field ART_50483
005 - DATE AND TIME OF LATEST TRANSACTION
control field 20260410161632.0
008 - FIXED-LENGTH DATA ELEMENTS--GENERAL INFORMATION
fixed length control field 260409a
100 1# - MAIN ENTRY--PERSONAL NAME
Personal name Levy, Alberto R.
245 10 - TITLE STATEMENT
Title Readiness
773 0# - HOST ITEM ENTRY
Title Enfoques
Related parts - N°12 (dic. 2019)
Record control number REV416

No hay ítems disponibles.